000
00253cam a2200097ua 4500
100
_a
Zemansky, .
245
_a
Basic engineering thermodynamics
_h
Textual Documents
250
_a
2.
260
_b
MMc
_a
S
_b
McGraw Hill Book Company
_a
S
_a
New York
300
_a
492.
999
_c
13589
_d
13589